KOHA-Header-6

EPISODES (Record no. 10499)

000 -LEADER
fixed length control field 00243nam a2200109Ia 4500
100 ## - MAIN ENTRY--AUTHOR NAME
Personal name Anthony Milner
245 #0 - TITLE STATEMENT
Title EPISODES
260 ## - PUBLICATION, DISTRIBUTION, ETC. (IMPRINT)
Place of publication London
Name of publisher Addision
Year of publication 1997
300 ## - PHYSICAL DESCRIPTION
Number of Pages 350
942 ## - ADDED ENTRY ELEMENTS (KOHA)
Koha item type Books

No items available.

Powered by Koha